FC Bayern Rückennummerhistorie #4 - Statistiken

Allgemein
  • Dieses Quiz wurde 23 mal gespielt
  • Das Durchschnittsergebnis liegt bei 8 aus 32
Antwortstatistiken
Hint Antwort % Korrekt
seit 2024/25 Jonathan Tah
79%
2022-24 Matthijs de Ligt
68%
2012-16 Dante
53%
1966/67 Franz Beckenbauer
53%
2017-22 Niklas Süle
53%
1994/95 Markus Babbel
37%
1989-91 Jürgen Kohler
32%
1993/94 Markus Münch
32%
1995/96 Dietmar Hamann
26%
1988/89 Hansi Flick
26%
1997-2005; 1994/95 Samuel Kuffour
26%
2015/16 Serdar Tasci
26%
1971-79 Georg Schwarzenbeck
21%
1981/82 Hans Pflügler
21%
1993/94 Michael Sternkopf
21%
1991-97 Oliver Kreuzer
21%
1990-92; 1988/89 Roland Grahammer
21%
1993/94 Dieter Frey
16%
2009-11 Edson Braafheid
16%
1966/67 Franz Roth
16%
1984-88 Norbert Eder
16%
1990/91 Stefan Effenberg
16%
1995/96 Thomas Strunz
16%
1962/63 Karl-Heinz Borutta
11%
1980/81 Kurt Niedermayer
11%
1962/63 Peter Fröhlich
11%
1966/67 Peter Werner
11%
1988/89 Erland Johnsen
5%
1979-82 Hans Weiner
5%
1983/84 Reiner Maurer
5%
1982-84 Wolfgang Grobe
5%
1983/84 Bertram Beierlorzer
0%
Keine übereinstimmenden Quizze gefunden
Verteilung der Resultate
Anzahl Personen mit jedem Resultat
Perzentil nach korrekt beantworteten Fragen
Ihre Resultats-Entwicklung
Sie haben dieses Quiz noch nicht gespielt